Formula 1: 2014 Pole Sitters - Statistics

General Stats
  • This quiz has been taken 6 times
  • The average score is 16 of 19
Answer Stats
Grand Prix Country Pole % Correct
Australia United Kingdom Lewis Hamilton
100%
Malaysia United Kingdom Lewis Hamilton
100%
China United Kingdom Lewis Hamilton
100%
Spain United Kingdom Lewis Hamilton
100%
Italy United Kingdom Lewis Hamilton
100%
Singapore United Kingdom Lewis Hamilton
100%
Russia United Kingdom Lewis Hamilton
100%
Bahrain Germany Nico Rosberg
80%
Monaco Germany Nico Rosberg
80%
Canada Germany Nico Rosberg
80%
United Kingdom Germany Nico Rosberg
80%
Germany Germany Nico Rosberg
80%
Hungary Germany Nico Rosberg
80%
Belgium Germany Nico Rosberg
80%
Japan Germany Nico Rosberg
80%
United States Germany Nico Rosberg
80%
Brazil Germany Nico Rosberg
80%
Abu Dhabi (UAE) Germany Nico Rosberg
80%
Austria Brazil Felipe Massa
60%
No matching quizzes found
Score Distribution
Percent of People with Each Score
Percentile by Number Answered
Your Score History
You have not taken this quiz